Čas hádzať kamene K novej pondeľňajšej televíznej premiére

Bibliographic Details
Main Author: Mjartanová, Jana (Author)
Format: Article
Language:Slovak
Subjects:

MARC

LEADER 00000nab a2200000 a 4500
001 vtls000151685
003 SK-MaSNL
005 20260303205847.0
008 111104c1983 xo 0 slo
015 |a SNBRB19rr/mm-uuuuu 
035 |a CL0161792 
040 |a SNKBUCL  |b slo  |c SNKBUCL  |e AACR2 
041 0 |a slo 
044 |a xo  |c SK 
080 |a 791.43.097  |2 1981 
100 1 |a Mjartanová, Jana  |4 aut  |9 7091 
245 1 0 |a Čas hádzať kamene  |b K novej pondeľňajšej televíznej premiére  |c Jana Mjartanová ; Martin Šafránek, Jana Kákošová, Ivan Teren, Jean Anglade 
500 |a /Podľa románu francúzskeho spisovateľa Jeana Angladeho Čas hádzať kamene. Scénarista M. Šafránek, dramaturgička J. Kákošová, režisér Ivan Teren./ 
610 2 7 |a Československá televízia  |2 snkbucl  |9 215938 
650 0 7 |a televízne inscenácie  |2 snkbucl  |9 2919 
650 0 7 |a Anglade, Jean  |2 snkbucl  |9 1240860 
651 7 |a 5100  |2 snkbucl  |9 166206 
655 7 |a články z novín a časopisov  |2 snkbucl  |9 267496 
773 0 |t Ľud  |g Roč. 36, č. 142 (18. 6. 1983), s. 4 
850 |a Slovenská národná knižnica v Martine  |a MTA001 
852 |a SNK  |b KIS3GCP 
958 |a RK 
992 |a RBX 
999 |c 2197521  |d 2199451